000
00186 a2200097 4500
001
8042
100
_a
Tuute, W
245
_a
The cruiser
260
_a
_b
Cassell
_c
090
_c
6448
_d
6448
942
_a
NUST-CAE
_c
M
_c
32987
999
_c
243115
_d
243115